1490 1200 1564 1626 1933 1555 1721 1422 1730 1886 1639 1859 1042 1367 1100 1153 1274 1489 1764 1009 1079 1320 1208 1721 1157 1780 1419 1819 1441 1226 1005 1132 1733 1117 1737 1193 1692 1616 1256 1839 1944 1209 1256 1824 1214 1239 1430 1500 1993 1660 1745 1546 1366 1337 1499 1035 1794 1806 1272 1748 1679 1707 1358 1272 1824 1080 1785 1005 1789 1773 1518 1731 1052 1362 1165 1812 1095 1954 1725 1805 1158 1117 1512 1093 1466 1588 1675 1296 1855 1052 1767 1864 1383 1317 1044 1657 1008 1145 1897 BCNSPRNW ULIB Ver.6.0+V

เปลี่ยนเป็นภาษาไทย

Change to English
 แสดงรายละเอียดบรรณานุกรม
  กลับหน้าหลัก

Brief Record : Get Marc (ISO 2709) : E-mail record : QR code < ปิดหน้าต่าง
LEADER : 00000nam 2200000uu 4500
001    13399112337
003     ULIB
008    110627s2550||||th 000 0 tha d
020    9789744723628
090    นว.^bร942ฮ ล.1 2550
100 0  โรว์ลิ่ง, เจ.เค.
245 00 แฮร์รี่ พอตเตอร์ กับศิลาอาถรรพ์ เล่ม 1/^cโรว์ลิ่ง, เจ.เค.
250    พิมพ์ครั้งที่ 7
260    กรุงเทพฯ :^bนานมีบุ๊คส์,^c2550
300    373 หน้า
710 1  นานมีบุ๊คส์
945    ^p195^l0^i021002
995    ทศพร
999 ^a ใช้งานได้ทุกระบบ
รายการนี้ยังไม่มีแท็ก
คุณยังไม่ได้ล็อกอิน คุณสามารถมีกิจกรรมร่วมกับเว็บไซต์ได้ แต่ต้องล็อกอินก่อน ::
  ล็อกอิน

รายการสื่อสารสนเทศ

ลำดับที่ ประเภท เลขเรียก/บาร์โค้ด สถานที่ สถานะ
- ไม่พบข้อมูล -

รายการใกล้เคียง
    ผู้แต่ง [โรว์ลิ่ง, เจ.เค.]

BibComment


ยังไม่เคยถูกคอมเมนท์

คอมเมนท์ทรัพยากรรายการนี้
  คอมเมนท์: แฮร์รี่ พอตเตอร์ ..


 Copyright 2026. Bcnsprnw @Library